| 000 | 01022nam a2200253 u 4500 | ||
|---|---|---|---|
| 001 | 000003312 | ||
| 003 | DO-SdBNP | ||
| 005 | 20221207084606.0 | ||
| 008 | 090707s1991 dr 000 0 spa d | ||
| 040 |
_aDO-SdBNP _bspa _cBNPHU |
||
| 082 | 4 |
_a342.729302 _bR426c, 1991 _222 |
|
| 110 | 1 |
_aRepública Dominicana. _9447 |
|
| 240 | 1 | 0 | _aConstitución (1966) |
| 245 | 1 | 0 | _aConstitución de la República Dominicana. |
| 260 |
_aSanto Domingo : _bTaller, _c1991. |
||
| 300 |
_a64 p. ; _c21 cm. |
||
| 505 | 0 |
_gPresentación -- _tOrigen y evolución de la Constitución Dominicana -- _tJuramento de los Trinitarios -- _tConstitución de la República Dominicana -- _tHimno Nacional -- _tLa Bandera -- _tEl Escudo -- _tEfemérides. |
|
| 590 | _aInventariado, 2018/ YL | ||
| 650 | 4 |
_aEmblemas nacionales _zRepública Dominicana _910404 |
|
| 651 | 4 |
_aRepública Dominicana _xConstitución (1966) _910405 |
|
| 651 | 4 |
_aRepública Dominicana _zDerecho constitucional _9449 |
|
| 910 | _aValidado. Control de calidad EMS | ||
| 942 |
_2ddc _cLBS1 |
||
| 999 |
_c3143 _d3143 |
||